000 00379nam a22001577a 4500
003 OSt
008 250805b |||||||| |||| 00| 0 eng d
020 _a9788126464135
082 _a920.894 812
_bMAD/EN
100 _aMadhavikkutty
_93053
245 _aEnte katha /
260 _aKottayam :
_bD.C Books,
_c2018
300 _a197
650 _aMalayalam Fiction
_93040
942 _cBK
999 _c15372
_d15372